| 000 | 01469cam a2200289 a 4500 | ||
|---|---|---|---|
| 999 |
_c25479 _d25479 |
||
| 001 | 15495521 | ||
| 005 | 20170131123241.0 | ||
| 008 | 081023s2009 nyua b 001 0 eng | ||
| 010 | _a 2008046307 | ||
| 020 | _a9781933360379 (pbk. : alk. paper) | ||
| 035 | _a(OCoLC)ocn268547455 | ||
| 040 |
_aDLC _cDLC _dYDX _dDLC |
||
| 043 |
_an-us-pa _an-us-ny |
||
| 050 | 0 | 0 |
_aNA5230 _b.N72G465 2009 |
| 100 | 1 |
_aKitt, Phyllis Pittman, _d1929- |
|
| 245 | 1 | 0 |
_aGod's country : _bhistoric churches and chapels of the Genesee Valley / _cPhyllis Pittman Kitt ; with a foreword by Stuart Bolger and a commentary on architecture by consulting architect, Frank Grosso. |
| 260 |
_aRochester, N.Y. : _bRIT Press, _cc2009. |
||
| 300 |
_a236 p. : _bcol. ill. ; _c31 cm. |
||
| 504 | _aIncludes bibliographical references and index. | ||
| 650 | 0 |
_aChurch architecture _zGenesee River Valley (Pa. and N.Y.) |
|
| 650 | 0 |
_aHistoric buildings _zGenesee River Valley (Pa. and N.Y.) |
|
| 700 | 1 |
_aGrosso, Frank. _tOn architecture. |
|
| 942 |
_2lcc _cBOOKS _hNA5230 .N72G465 2009 |
||